| 000 | | | 03771nmc2a22002411x 450 |
| 001 | | | 6cb65f7a-44cf-470f-9b2e-9e33a1b2a8e9 |
| 005 | | | 20131107074304.0 |
| 100 | ## | $a | 20130605l1914 k y0rusy50 ca |
| 101 | 0# | $a | rus |
| 102 | ## | $a | RU |
| 105 | ## | $a | a z ||||| |
| 200 | 1# | $a | Справка к докладу по еврейскому вопросу, составленная канцелярией Постоянного совета |
| | $h | Ч. XI. Торговля, кредит, подряды, поставки и торги. Фабрики и заводы. Ремесла. Шинки и постоялые дворы. Факторство. Евреи в селах |
| | $j | [1914] |
| 215 | ## | $a | 224 листа |
| | $c | табл. |
| 251 | ## | $c | Дело |
| 300 | ## | $a | Печатный экземпляр с рукописными пометами |
| 330 | ## | $a | VII. Материалы Постоянного совета и комиссии по еврейскому вопросу /1874-1917/ |
| 461 | #0 | $1 | 001b6db1e6b-efcc-4108-961b-a8f75be6354f |
| | $1 | 2001 |
| | $a | Постоянный совет объединенных дворянских обществ |
| | $1 | 251 |
| | $c | Фонд |
| | $1 | 852 |
| | $j | 434 |
| 462 | #0 | $1 | 001376737bd-14a2-4097-a3d5-a02b2aa0e2d3 |
| | $1 | 2001 |
| | $a | Постоянный совет объединенных дворянских обществ. 1906-1917 гг. |
| | $1 | 251 |
| | $c | Опись |
| | $1 | 852 |
| | $j | 1 |
| 601 | 02 | $3 | RU\NLR\AUTH\8810165427 |
| | $a | Постоянный совет объединенных дворянских обществ |
| | $c | Петербург |
| 601 | 02 | $3 | RU\NLR\AUTH\8810165525 |
| | $a | Постоянный совет объединенных дворянских обществ |
| | $c | Петербург |
| | $b | Канцелярия |
| 801 | #0 | $a | RU |
| | $b | GA_RF |
| 801 | #1 | $a | RU |
| | $b | НПО Опыт |
| | $c | 20130605 |
| | $2 | rusmarc |
| 801 | #2 | $a | RU |
| | $b | ПБ им. Б.Н. Ельцина |
| | $c | 20131107 |
| | $g | RCR |
| | $2 | rusmarc |
| 852 | ## | $a | ГА РФ |
| | $j | 220 |
| 937 | ## | $d | 40973639 |
| | $h | ПБ |
| 035 | ## | $a | RuPRLIB51007138 |